00670nam a2200169 a 4500008004100000050001600041100002000057245004800077260004400125300001700169350000900186650002700195650003400222995009500256999001700351952013200368120416s1967 ||||||||||||||||| || u aHG 3821 Ozg aOzga, S. Andrew14aThe rate of exchange and the terms of trade aLondonbWeidenfield and Nicholsonc1967 a112p. : ill. a0.00 aFOREIGN EXCHANGE RATES 0aFINANCE--DEVELOPING COUNTRIES D0.00FCBU-MAIN LIBRARY (Kitwe)H1I0.00M1UAVAILABLEZMain Library Open Access Collection c55597d55597 00102lcc4070a001b001cMain Library Open Access Collectiond2022-11-30l0oHG 3821 Ozgp007746r2022-11-30w2022-11-30y002